Instituciones, cambio institucional y desempeño económico (Registro nro. 44480)
[ vista simple ]
| 000 -CABECERA | |
|---|---|
| Longitud fija campo de control | 01220 a2200349 4500 |
| 001 - NÚMERO DE CONTROL | |
| Número de control | 44480 |
| 003 - IDENTIFICADOR DE NÚMERO DE CONTROL | |
| Identificador del número de control | ES-MaCES |
| 005 - FECHA Y HORA DE LA ÚLTIMA TRANSACCIÓN | |
| Fecha y hora de la última transacción | 20260113103109.0 |
| 008 - CAMPO FIJO DE DESCRIPCIÓN FIJA--INFORMACIÓN GENERAL | |
| Códigos de información de longitud fija | 140321s2012 sp ||||| |||||||||||spa|d |
| 020 ## - ISBN (INTERNATIONAL STANDARD BOOK NUMBER) | |
| Número Internacional Normalizado para Libros (ISBN) | 9789681639822 |
| 040 ## - FUENTE DE CATALOGACIÓN | |
| Centro catalogador de origen | ES-MaCES |
| Lengua de catalogación | spa |
| Centro transcriptor | ES-MaCES |
| 041 1# - CÓDIGO DE IDIOMA | |
| Código de lengua del texto;banda sonora o título independiente | spa |
| Código de lengua original | eng |
| 100 1# - ENCABEZAMIENTO PRINCIPAL--NOMBRE PERSONAL | |
| Nombre de persona | North, Douglass C. |
| 9 (RLIN) | 19733 |
| 245 10 - MENCIÓN DE TÍTULO | |
| Título | Instituciones, cambio institucional y desempeño económico |
| Mención de responsabilidad, etc. | Douglass C. North ; [trad. de, Agustín Bárcena] |
| 246 1# - FORMA VARIANTE DEL TÍTULO | |
| Título propio ; Título en breve | Institutions, institutional change and economic performance |
| 250 ## - MENCIÓN DE EDICIÓN | |
| Mención de edición | 1ª ed. en spa, 4ª reimp. |
| 260 ## - PUBLICACIÓN, DISTRIBUCIÓN, ETC (PIE DE IMPRENTA) | |
| Lugar de publicación, distribución, etc. | México |
| Nombre del editor, distribuidor, etc. | Fondo de cultura económica |
| Fecha de publicación, distribución, etc. | 2012 |
| 300 ## - DESCRIPCIÓN FÍSICA | |
| Extensión | 190 p. |
| Dimensiones | 21 cm |
| 490 1# - MENCIÓN DE SERIE | |
| Mención de serie | Economía |
| 500 ## - NOTA GENERAL | |
| Nota general | Traducción de: Institutions, institutional change and economic performance |
| 541 ## - NOTA DE LA FUENTE INMEDIANTE DE ADQUISICIÓN | |
| Forma de adquisición | Compra |
| 650 #4 - ASIENTO SECUNDARIO DE MATERIA--TÉRMINO DE MATERIA | |
| 9 (RLIN) | 27196 |
| Término de materia o nombre geográfico como elemento inicial | organización institucional |
| 650 #4 - ASIENTO SECUNDARIO DE MATERIA--TÉRMINO DE MATERIA | |
| 9 (RLIN) | 29802 |
| Término de materia o nombre geográfico como elemento inicial | desarrollo institucional |
| 650 #4 - ASIENTO SECUNDARIO DE MATERIA--TÉRMINO DE MATERIA | |
| 9 (RLIN) | 27093 |
| Término de materia o nombre geográfico como elemento inicial | desarrollo económico |
| 650 #4 - ASIENTO SECUNDARIO DE MATERIA--TÉRMINO DE MATERIA | |
| 9 (RLIN) | 27076 |
| Término de materia o nombre geográfico como elemento inicial | teoría económica |
| 653 ## - TÉRMINO DE INDEXACIÓN--NO CONTROLADO | |
| Término no controlado | Economía |
| 700 1# - ENCABEZAMIENTO SECUNDARIO--NOMBRE PERSONAL | |
| 9 (RLIN) | 34850 |
| Nombre de persona | Bárcena, Agustín |
| Término indicativo de función | tr. |
| 710 2# - ENCABEZAMIENTO SECUNDARIO--NOMBRE CORPORATIVO | |
| Nombre de entidad o nombre de jurisdicción como elemento inicial | Fondo de Cultura Económica |
| Término indicativo de función | ed. |
| 9 (RLIN) | 3614 |
| 830 #0 - ENCABEZAMIENTO SECUNDARIO DE COLECCIÓN--TÍTULO UNIFORME | |
| Título uniforme | Sección de obras de Economía |
| 9 (RLIN) | 34059 |
| 902 ## - CES. TIPO DE DOCUMENTO | |
| Tipodoc (006$c Sirtex) | LIB Libro |
| 942 ## - ELEMENTOS KOHA | |
| Fuente de clasificaión o esquema | Clasificación propia del CES |
| Koha [por defecto] tipo de item | Monografías |
| Parte de clasificación | Economía |
| Número de registro | Signatura completa | Tipo de item de Koha |
|---|---|---|
| 084229 | SG-0.0.-468 | Monografías |
